000 00418nam a22001577a 4500
008 240105b ||||| |||| 00| 0 eng d
020 _a9789351711438
041 _aeng
082 _a954.01
_bPAH
100 _aParmar Narender
245 _aHarappan Civilization
_b: Beyond The Saraswati Drishadvati Valley
260 _aNew Delhi
_bResearch India Press
_c2019
300 _a188p.
650 _aHISTORY
942 _cBK
999 _c47698
_d47698